L'Argent (notice n° 1925959)

détails MARC
000 -LEADER
fixed length control field 01667cam a2200145 4500500
005 - DATE AND TIME OF LATEST TRANSACTION
control field 20260329023253.0
041 ## - LANGUAGE CODE
Language code of text/sound track or separate title fre
042 ## - AUTHENTICATION CODE
Authentication code dc
100 10 - MAIN ENTRY--PERSONAL NAME
Personal name Farago, France
Relator term author
245 00 - TITLE STATEMENT
Title L'Argent
260 ## - PUBLICATION, DISTRIBUTION, ETC.
Name of publisher, distributor, etc. Armand Colin,<br/>
Date of publication, distribution, etc. 2009.<br/>
520 ## - SUMMARY, ETC.
Summary, etc. Cet ouvrage a été conçu de manière à permettre aux élèves des classes préparatoires aux Grandes Écoles Scientifiques de maîtriser parfaitement, et dans les meilleurs délais, à la fois les pratiques (comment construire sa réflexion et la présenter en bonne adéquation avec ce qui est attendu du candidat), le savoir (quelles sont les lignes de force de la réflexion sur l’argent, que faut-il retenir des œuvres au programme) et les exigences de performance personnelle (comment faire la différence…) pour réussir l’épreuve de français/philo des concours.Dans l’ordre:1. Étude générale du thèmeLe sens de la question, sa place dans l’histoire de la pensée, ses enjeux = tout ce qu’il faut savoir, fondamentalement.2. Résumé/analyse des 3 œuvresUn guide pour bien entrer dans chacune des œuvres au programme.3. Bilan comparatif de l’analyse des 3 œuvresTout ce qui les rapproche et les différencie + les perspectives qu’elles ouvrent pour traiter le sujet.4. Méthodologie (dissertation, résumé, épreuves orales)Les conseils indispensables pour aborder au mieux les épreuves et bien se préparer.5. Dissertations et résumés intégralement rédigésDes exemples de sujets traités pour s’entraîner pendant l’année.
700 10 - ADDED ENTRY--PERSONAL NAME
Personal name Vannier, Gilles
Relator term author
856 41 - ELECTRONIC LOCATION AND ACCESS
Uniform Resource Identifier <a href="https://shs.cairn.info/largent--9782200350130?lang=fr&redirect-ssocas=7080">https://shs.cairn.info/largent--9782200350130?lang=fr&redirect-ssocas=7080</a>

Pas d'exemplaire disponible.

PLUDOC

PLUDOC est la plateforme unique et centralisée de gestion des bibliothèques physiques et numériques de Guinée administré par le CEDUST. Elle est la plus grande base de données de ressources documentaires pour les Étudiants, Enseignants chercheurs et Chercheurs de Guinée.

Adresse

627 919 101/664 919 101

25 boulevard du commerce
Kaloum, Conakry, Guinée

Réseaux sociaux

Powered by Netsen Group @ 2025